Top 30 największych miast w Polsce (Lubuskie) 2022/2023 - Statystyki

Ogólne statystyki
  • Ten quiz został rozwiązany 73 razy
  • Średni wynik to 18 z 30
Statystyki odpowiedzi
Ludność (31.12.2022 - 01.01.2023) Miasto % Poprawnych
115,847 Gorzów Wielkopolski
98%
139,132 Zielona Góra
96%
20,921 Świebodzin
93%
35,033 Żary
93%
23,596 Żagań
91%
36,183 Nowa Sól
84%
10,601 Krosno Odrzańskie
79%
17,626 Kostrzyn nad Odrą
75%
16,924 Międzyrzecz
75%
15,602 Sulechów
73%
16,236 Słubice
71%
13,068 Wschowa
71%
9491 Drezdenko
68%
9779 Sulęcin
68%
15,684 Gubin
63%
9724 Strzelce Krajeńskie
63%
3970 Bytom Odrzański
50%
12,909 Lubsko
50%
6411 Rzepin
48%
9148 Skwierzyna
48%
3824 Babimost
46%
10,652 Szprotawa
46%
4914 Zbąszynek
46%
4119 Sława
45%
8929 Kożuchów
43%
3823 Kargowa
39%
4781 Nowogród Bobrzański
32%
3899 Ośno Lubuskie
32%
6425 Witnica
23%
4044 Jasień
21%
Nie znaleziono quizów pasujących do podanych kryteriów
Rozkład punktacji
Procent ludzi z każdym wynikiem
Percentyl według liczby udzielonych odpowiedzi
Twoja historia wyników
Nie rozwiązałeś tego quizu